Carregando...
Nucleic acids : chemistry and biology V1.
| Outros Autores: | , |
|---|---|
| Formato: | Printed Book |
| Idioma: | English |
| Assuntos: |
| LEADER | 00538nam a2200169 a 4500 | ||
|---|---|---|---|
| 005 | 20151028162050.0 | ||
| 008 | 960221s1955 dcuabcdjdbkoqu001 0deng d | ||
| 003 | ViArRB | ||
| 082 | |a 574.192 4 |b J5.1 | ||
| 100 | |a Chargaff, Erwin |e Editor |9 19811 | ||
| 245 | |a Nucleic acids |b : chemistry and biology V1. | ||
| 653 | |a Organic chemistry | ||
| 700 | |a Davidson, J. N. |9 19810 | ||
| 942 | |c BK |6 _ | ||
| 942 | |c BK | ||
| 999 | |c 74319 |d 74319 | ||
| 952 | |0 0 |1 0 |2 ddc |4 0 |6 574192_4J51 |7 0 |9 86703 |a SOS |b SOS |d 0000-00-00 |o 574.192 4 J5.1 |p MS000562 |r 2013-06-14 |w 2009-07-13 |y BK | ||